Normal view MARC view
  • Qadri, Azam

Entry Personal Name

Number of records used in: 4

001 - CONTROL NUMBER

  • control field: 9655

003 - CONTROL NUMBER IDENTIFIER

  • control field: NUST

005 - DATE AND TIME OF LATEST TRANSACTION

  • control field: 20180124095924.0

008 - FIXED-LENGTH DATA ELEMENTS

  • fixed length control field: 180124|| aca||aabn | a|a d

040 ## - CATALOGING SOURCE

  • Original cataloging agency: NUST
  • Transcribing agency: NUST

100 ## - HEADING--PERSONAL NAME

  • Personal name: Qadri, Azam

670 ## - SOURCE DATA FOUND

  • Source citation: Work cat.: (NUST)322023: Qadri, Azam, What more can a soldier desire ?, 2011
© 2023 Central Library, National University of Sciences and Technology. All Rights Reserved.